[Event "DEN-chT 1718 56th"]
[Site "Denmark"]
[Date "2018.02.11"]
[Round "7.2"]
[White "Skousen, Nikolai"]
[Black "Svenninggaard, Thomas"]
[Result "0-1"]
[WhiteElo "2203"]
[BlackElo "2177"]
[PlyCount "110"]
[EventDate "2017.11.18"]
[EventType "team-tourn"]
[EventRounds "9"]
[EventCountry "DEN"]
[SourceTitle "EXT 2019"]
[Source "ChessBase"]
[SourceDate "2018.10.10"]
[SourceVersion "1"]
[SourceVersionDate "2018.10.10"]
[SourceQuality "1"]
[WhiteTeam "Bronshoj"]
[BlackTeam "Hillerod"]
[WhiteTeamCountry "DEN"]
[BlackTeamCountry "DEN"]

1. g3 g6 2. Bg2 Bg7 3. d4 d6 4. e4 Nf6 5. Nc3 0-0 6. Nge2 Na6 7. 0-0 c5 8. h3 Rb8 9. a4 b6 10. Nb5 Bb7 11. d5 Ra8 12. c4 Nd7 13. f4 Nb4 14. Ra3 a6 15. Nbc3 Qc7 16. Be3 a5 17. Qd2 Ba6 18. b3 Rad8 19. Raa1 Rfe8 20. Rae1 e6 21. Bf2 exd5 22. exd5 f5 23. Kh2 Nf6 24. Ng1 Qd7 25. Nf3 h6 26. Nh4 Qf7 27. Bf3 Kh7 28. Ng2 Bc8 29. Rxe8 Rxe8 30. Re1 Bd7 31. Re3 Rxe3 32. Bxe3 Qe7 33. Ne1 Ne4 34. Nxe4 fxe4 35. Bg2 h5 36. Qe2 Bf5 37. g4 hxg4 38. hxg4 Qh4+ 39. Bh3 Bxg4 40. Qxg4 Qxe1 41. Bg1 Nd3 42. f5 Be5+ 43. Kg2 Nf4+ 44. Kh1 Bd4 45. fxg6+ Nxg6 46. Kh2 Bxg1+ 47. Qxg1 Qd2+ 48. Kh1 Qf4 49. Qg4 e3 50. Qh5+ Kg7 51. Bg4 Qh6 52. Qxh6+ Kxh6 53. Kg2 Kg5 54. Kg3 Nf4 55. Bf3 Kf5 0-1

[Event "DEN-chT 1718 56th"]
[Site "Denmark"]
[Date "2017.12.03"]
[Round "3.3"]
[White "Nielsen, Thomas Bach"]
[Black "Svenninggaard, Thomas"]
[Result "1-0"]
[WhiteElo "2146"]
[BlackElo "2177"]
[PlyCount "61"]
[EventDate "2017.11.18"]
[EventType "team-tourn"]
[EventRounds "9"]
[EventCountry "DEN"]
[SourceTitle "CBM 181 Extra"]
[Source "ChessBase"]
[SourceDate "2017.12.12"]
[SourceVersion "1"]
[SourceVersionDate "2017.12.12"]
[SourceQuality "1"]
[WhiteTeam "BMS"]
[BlackTeam "Hillerod"]
[WhiteTeamCountry "DEN"]
[BlackTeamCountry "DEN"]

1. f4 c5 2. Nf3 Nc6 3. g3 g6 4. Bg2 Bg7 5. 0-0 Nf6 6. d3 d5 7. Qe1 Nd4 8. Na3 Nxf3+ 9. Rxf3 h5 10. e4 h4 11. gxh4 Bg4 12. Rf1 Qd7 13. e5 Nh5 14. c4 e6 15. Nb5 Bf8 16. Qa5 b6 17. Qa4 Ke7 18. cxd5 exd5 19. f5 Bxf5 20. Bg5+ f6 21. exf6+ Kf7 22. Nc7 Qxc7 23. Bxd5+ Be6 24. Bxe6+ Kxe6 25. Qe4+ Kd7 26. Qxa8 Bd6 27. Qxh8 Bxh2+ 28. Kh1 Qg3 29. Rae1 Kc6 30. Qe8+ Kd5 31. Qd7+ 1-0

[Event "DEN-chT 1112 50th"]
[Site "Denmark"]
[Date "2011.10.29"]
[Round "1.6"]
[White "Nielsen, Thomas Bach"]
[Black "Svenninggaard, Thomas"]
[Result "1/2-1/2"]
[WhiteElo "2219"]
[BlackElo "2163"]
[PlyCount "54"]
[EventDate "2011.10.29"]
[EventType "team-tourn"]
[EventRounds "9"]
[EventCountry "DEN"]
[SourceTitle "EXT 2012"]
[Source "ChessBase"]
[SourceDate "2011.11.24"]
[SourceVersion "1"]
[SourceVersionDate "2011.11.24"]
[SourceQuality "1"]
[WhiteTeam "BMS"]
[BlackTeam "Hillerod"]
[WhiteTeamCountry "DEN"]
[BlackTeamCountry "DEN"]

1. d4 d6 2. c4 Nf6 3. Nc3 g6 4. e4 Bg7 5. h3 0-0 6. Nf3 Na6 7. Bg5 c5 8. d5 Qa5 9. Bd3 Nb4 10. 0-0 Nxd3 11. Qxd3 Rb8 12. Rfe1 a6 13. a4 Qc7 14. Qd2 Bd7 15. e5 dxe5 16. Nxe5 Rbd8 17. Re2 b5 18. Nxd7 Qxd7 19. axb5 axb5 20. Nxb5 Qf5 21. Qf4 Qd3 22. Rxe7 Nxd5 23. cxd5 Qxb5 24. Rd1 Qxb2 25. Rc7 Qb3 26. Qd2 Bd4 27. Bxd8 Rxd8 1/2-1/2

[Event "Calvia op 2nd"]
[Site "Calvia"]
[Date "2005.10.27"]
[Round "8"]
[White "Svenninggaard, Thomas"]
[Black "Mellado Trivino, Juan"]
[Result "0-1"]
[WhiteElo "2174"]
[BlackElo "2426"]
[PlyCount "38"]
[EventDate "2005.10.21"]
[EventType "swiss"]
[EventRounds "9"]
[EventCountry "ESP"]
[SourceTitle "EXT 2006"]
[Source "ChessBase"]
[SourceDate "2005.11.24"]
[SourceVersion "1"]
[SourceVersionDate "2005.11.24"]
[SourceQuality "1"]

1. d4 Nf6 2. c4 c5 3. d5 b5 4. cxb5 a6 5. b6 e6 6. Nc3 Nxd5 7. Nxd5 exd5 8. Qxd5 Nc6 9. Nf3 Rb8 10. Ne5 Qf6 11. Nxc6 dxc6 12. Qe4+ Be7 13. Qf4 Rxb6 14. Qc7 Bd8 15. Qxc8 0-0 16. Qh3 Rxb2 17. Qa3 Rb5 18. e3 Ba5+ 19. Ke2 Qxa1 0-1

[Event "Calvia op 2nd"]
[Site "Calvia"]
[Date "2005.10.21"]
[Round "1"]
[White "Svenninggaard, Thomas"]
[Black "Campora, Daniel Hugo"]
[Result "0-1"]
[WhiteElo "2174"]
[BlackElo "2538"]
[PlyCount "96"]
[EventDate "2005.10.21"]
[EventType "swiss"]
[EventRounds "9"]
[EventCountry "ESP"]
[SourceTitle "EXT 2006"]
[Source "ChessBase"]
[SourceDate "2005.11.24"]
[SourceVersion "1"]
[SourceVersionDate "2005.11.24"]
[SourceQuality "1"]

1. e4 e5 2. Nf3 Nc6 3. Bb5 Nf6 4. 0-0 d6 5. d4 Bd7 6. Nc3 Be7 7. Bg5 0-0 8. dxe5 Nxe5 9. Nxe5 Bxb5 10. Nxb5 dxe5 11. Qxd8 Rfxd8 12. Rad1 Kf8 13. Bxf6 Bxf6 14. c3 c6 15. Na3 b5 16. Nc2 Be7 17. Ne3 Bc5 18. Rxd8+ Rxd8 19. Rd1 Rb8 20. Nc2 Ke7 21. Kf1 g6 22. Ke2 f5 23. f3 a5 24. Ne3 Ke6 25. Rc1 Rf8 26. g3 h5 27. Rf1 h4 28. gxh4 Rh8 29. Ng2 f4 30. Rh1 a4 31. Ne1 Rxh4 32. Nd3 Bb6 33. Nb4 Kd6 34. Kf1 Rh5 35. Kg2 Rg5+ 36. Kh3 Bg1 37. Nd3 c5 38. Ne1 c4 39. Ng2 Bc5 40. Rd1+ Kc6 41. Rd5 Rh5+ 42. Kg4 Rxh2 43. Nh4 Rxb2 44. Rxe5 Rxa2 45. Nxg6 a3 46. Re6+ Kb7 47. Ne5 Rg2+ 48. Kf5 a2 0-1